| 000 | 00816nam a22002297a 4500 | ||
|---|---|---|---|
| 999 |
_c532790 _d532790 |
||
| 003 | NUST | ||
| 005 | 20191203100719.0 | ||
| 008 | 191203b ||||| |||| 00| 0 eng d | ||
| 038 | _aIESE | ||
| 040 | _c0 | ||
| 050 | _a628 | ||
| 082 |
_a628 _bKHA |
||
| 100 |
_aKhan,Muhammad Saydal _926389 |
||
| 245 |
_aAssesment of solar photovoltaic water pumping of wasa tube wells for quetta walley aquifer _cMuhammad saydal khan |
||
| 260 |
_aIslamabad _bIESE (SCEE) NUST _c2019 |
||
| 300 |
_a87p. _bH.B |
||
| 440 |
_aMS Environmental Engineering _91549 |
||
| 500 | _aThesis MS EE | ||
| 650 |
_aEnvironmental Engineering _91550 |
||
| 700 | _4Dr. M Anwar Baig (Supervisor) | ||
| 942 |
_2ddc _cTHE _kIESE |
||